Real estate law digest /

Bibliographic Details
Main Author: Kusnet, Jack
Other Authors: Arnold, Alvin L., Douglas, James A.
Format: Book
Language:English
Published: Boston : Warren, Gorham & Lamont, [1981-1990]
Edition:Rev. ed.
Subjects:

MARC

Tag First Indicator Second Indicator Subfields
LEADER 00000cam a2200000 a 4500
001 in00000091745
005 20150923131811.0
008 820304s19811990mau 00110 eng
010 |a  81051598  
020 |a 0882625926 (v. 1) 
020 |a 0882625934 (v. 2) 
035 |a (OCoLC)07971191 
035 |9 AAK7078AM 
039 0 |a 2  |b 3  |c 3  |d 3  |e 3 
040 |a DLC  |c DLC  |d TXA  |d UtOrBLW 
043 |a n-us--- 
049 |a TXAM  |d [  |v =v.  |p = Suppl.]  |c 1  |v 1 [1561919]  |v 2 [1561920]  |p 1990 [A12445174] 
050 0 0 |a KF567.8  |b .K86 1981 
082 0 |a 346.7304/3/02638  |a 347.3064302638  |2 19 
100 1 |a Kusnet, Jack. 
245 1 0 |a Real estate law digest /  |c Jack Kusnet, Alvin L. Arnold, James A. Douglas. 
250 |a Rev. ed. 
264 1 |a Boston :  |b Warren, Gorham & Lamont,  |c [1981-1990] 
264 4 |c ©1981-1990 
300 |a 2 volumes ;  |c 25 cm. 
336 |a text  |b txt  |2 rdacontent 
337 |a unmediated  |b n  |2 rdamedia 
338 |a volume  |b nc  |2 rdacarrier 
500 |a On spine: Real estate law journal. Real estate law report. 
500 |a Kept up to date by cumulative supplements. 
500 |a Includes indexes. 
505 0 |a v. 1. Estates, interests, and use -- v. 2. Transfers and liens. 
650 0 |a Real property  |z United States  |x Digests. 
700 1 |a Arnold, Alvin L. 
700 1 |a Douglas, James A. 
740 0 |a Real estate law journal. 
740 0 |a Real estate law report. 
999 |a MARS 
999 f f |s e1930b33-8195-3217-bc51-ca988edae235  |i eda756a5-cef2-3474-ad72-25ed7af20cf3  |t 0 
952 f f |p ric  |a Texas A&M University  |b Rellis Campus  |c Joint Library Facility  |d Remote Storage  |t 0  |e KF567.8 .K86 1981  |h Library of Congress classification  |i unmediated -- volume  |k v.1  |m A14806049897 
952 f f |p normal  |a Texas A&M University  |b College Station  |c Sterling C. Evans Library  |d Evans: Library Stacks  |t 0  |e KF567.8 .K86 1981  |h Library of Congress classification  |i unmediated -- volume  |k Suppl. 1990  |m A14812445174 
952 f f |p ric  |a Texas A&M University  |b Rellis Campus  |c Joint Library Facility  |d Remote Storage  |t 0  |e KF567.8 .K86 1981  |h Library of Congress classification  |i unmediated -- volume  |k v.2  |m A14806049902 
998 f f |a KF567.8 .K86 1981  |s v.1-v.2  |t 0  |l Remote Storage 
998 f f |a KF567.8 .K86 1981  |s Suppl. 1990  |t 0  |l Evans: Library Stacks